<?xml version="1.0" encoding="UTF-8"?>
<record
    xmlns:xsi="http://www.w3.org/2001/XMLSchema-instance"
    xsi:schemaLocation="http://www.loc.gov/MARC21/slim http://www.loc.gov/standards/marcxml/schema/MARC21slim.xsd"
    xmlns="http://www.loc.gov/MARC21/slim">

  <leader>03131nam a2200361 a 4500</leader>
  <controlfield tag="001">BRCA_2426</controlfield>
  <controlfield tag="005">20190320203813.0</controlfield>
  <controlfield tag="008">131108s1780----sp-a---###---#000-0dspa-u</controlfield>
  <datafield tag="041" ind1=" " ind2=" ">
    <subfield code="a">spa</subfield>
  </datafield>
  <datafield tag="044" ind1=" " ind2=" ">
    <subfield code="a">sp</subfield>
  </datafield>
  <datafield tag="084" ind1=" " ind2=" ">
    <subfield code="a">066</subfield>
    <subfield code="b">.I23</subfield>
    <subfield code="c">1780</subfield>
  </datafield>
  <datafield tag="100" ind1="1" ind2=" ">
    <subfield code="a">Cervantes Saavedra, Miguel de</subfield>
    <subfield code="d">1547-1616</subfield>
    <subfield code="9">213</subfield>
  </datafield>
  <datafield tag="245" ind1="1" ind2="0">
    <subfield code="a">El Ingenioso Hidalgo Don Quixote de la Mancha</subfield>
    <subfield code="c">compuesto por Miguel de Cervantes Saavedra.</subfield>
  </datafield>
  <datafield tag="260" ind1=" " ind2=" ">
    <subfield code="a">Madrid</subfield>
    <subfield code="b">Joaqu&#xED;n Ibarra</subfield>
    <subfield code="c">1780</subfield>
  </datafield>
  <datafield tag="300" ind1=" " ind2=" ">
    <subfield code="a">4 v.</subfield>
    <subfield code="b">il.</subfield>
    <subfield code="c">31 cm.</subfield>
    <subfield code="e">1 mapa</subfield>
  </datafield>
  <datafield tag="500" ind1=" " ind2=" ">
    <subfield code="a">Contenido : v 1. Primera parte. Licencia de S.M. Pr&#xF3;logo de la Academia. Retrato de Cervantes dibujado por Joseph del Castillo. Vida de Cervantes y an&#xE1;lisis del Quixote. Su plan cronol&#xF3;gico y pruebas que justifican su vida por V. de los R&#xED;os. Dedicatoria del autor al Duque de B&#xE9;jar. Pr&#xF3;logo del autor. Versos preliminares. Variantes. Mapa de una porci&#xF3;n del Reyno de Espa&#xF1;a por donde anduvo D. Quixote por Tom&#xE1;s L&#xF3;pez. -- v 2. Variantes. Texto. -- v 3. Segunda parte. Preliminares de la edici&#xF3;n pr&#xED;ncipe. Dedicatoria del autor. Pr&#xF3;logo del autor. Variantes. Texto. -- v 4. Variantes. Texto</subfield>
  </datafield>
  <datafield tag="500" ind1=" " ind2=" ">
    <subfield code="a">Edici&#xF3;n : Nueva edici&#xF3;n corregida por la Real Academia Espa&#xF1;ola</subfield>
  </datafield>
  <datafield tag="500" ind1=" " ind2=" ">
    <subfield code="a">Primera edici&#xF3;n de la Academia Espa&#xF1;ola y primera de lujo impresa en Espa&#xF1;a, con pr&#xF3;logo de &#xE9;sta, vida de Cervantes y An&#xE1;lisis del Quixote por Vicente de los R&#xED;os, mapa de una porci&#xF3;n del Reyno de Espa&#xF1;a, que comprende los parages por donde anduvo Don Quixote, delineado por Tom&#xE1;s L&#xF3;pez, retrato ap&#xF3;crifo de Cervantes sacado del cuadro al &#xF3;leo que regal&#xF3; el Conde de del Aguila a la Academia. Va ilustrada por los mejores dibujantes de la &#xE9;poca: Del Castillo, Carnicero,  Ximeno y otros, y por vez primera puesta en el ambiente aut&#xE9;nticamente espa&#xF1;ol. Restablece, adem&#xE1;s, el t&#xED;tulo original de El Ingenioso Hidalgo..., en vez del arbitrario de Vida y Hechos del Ing. Hidalgo... Sin embargo, adolece de serios defectos: Confunde la segunda edici&#xF3;n de Cuesta con la primera, suprime el escudo de esta &#xFA;ltima, iguala el t&#xED;tulo de la segunda parte: El Ingenioso Cavallero... con el de la primera: El Ing. Hidalgo.., y usa la x en vez de j en la palabra Quijote. Bell&#xED;sima edici&#xF3;n, impresa en excelente papel y con nobil&#xED;simos tipos; encuadernada en becerrillo, planos orlados, lomeras decoradas, cortes, cantos y contracantos dorados L&#xFA;dovik Osterc</subfield>
  </datafield>
  <datafield tag="500" ind1=" " ind2=" ">
    <subfield code="a">Con ex-libris de : William Dickinson</subfield>
  </datafield>
  <datafield tag="500" ind1=" " ind2=" ">
    <subfield code="a">QM54</subfield>
  </datafield>
  <datafield tag="650" ind1="1" ind2="4">
    <subfield code="a">Novela espa&#xF1;ola</subfield>
    <subfield code="y">&#xC9;poca cl&#xE1;sica, 1500-1700</subfield>
    <subfield code="9">215</subfield>
  </datafield>
  <datafield tag="650" ind1="1" ind2="4">
    <subfield code="a">Literatura espa&#xF1;ola</subfield>
    <subfield code="y">&#xC9;poca cl&#xE1;sica, 1500-1700</subfield>
    <subfield code="9">216</subfield>
  </datafield>
  <datafield tag="650" ind1="1" ind2="4">
    <subfield code="a">Novela espa&#xF1;ola</subfield>
    <subfield code="y">Siglo XVII</subfield>
    <subfield code="9">217</subfield>
  </datafield>
  <datafield tag="650" ind1="1" ind2="4">
    <subfield code="a">Don Quijote (Personaje ficticio)</subfield>
    <subfield code="e">Novela</subfield>
    <subfield code="9">218</subfield>
  </datafield>
  <datafield tag="700" ind1="1" ind2=" ">
    <subfield code="a">Carnicero Mancio, Antonio</subfield>
    <subfield code="d">1748-1814</subfield>
    <subfield code="e">Ilustrador</subfield>
    <subfield code="9">7108</subfield>
  </datafield>
  <datafield tag="700" ind1="1" ind2=" ">
    <subfield code="a">Castillo, Jos&#xE9; del</subfield>
    <subfield code="d">1737-1793</subfield>
    <subfield code="e">Ilustrador</subfield>
    <subfield code="9">7109</subfield>
  </datafield>
  <datafield tag="700" ind1="1" ind2=" ">
    <subfield code="a">Jimeno, Jos&#xE9; Antonio</subfield>
    <subfield code="d">1757-1807</subfield>
    <subfield code="e">Ilustrador</subfield>
    <subfield code="9">7110</subfield>
  </datafield>
  <datafield tag="700" ind1="1" ind2=" ">
    <subfield code="a">R&#xED;os, Vicente de los</subfield>
    <subfield code="d">1732-1779</subfield>
    <subfield code="e">Bi&#xF3;grafo</subfield>
    <subfield code="9">7111</subfield>
  </datafield>
  <datafield tag="700" ind1="1" ind2=" ">
    <subfield code="a">L&#xF3;pez, Tom&#xE1;s</subfield>
    <subfield code="d">1730-1802</subfield>
    <subfield code="e">Ilustrador</subfield>
    <subfield code="9">7112</subfield>
  </datafield>
  <datafield tag="740" ind1="0" ind2=" ">
    <subfield code="a">El Ingenioso Hidalgo Don Quijote de la Mancha</subfield>
  </datafield>
  <datafield tag="902" ind1=" " ind2=" ">
    <subfield code="a">QFM</subfield>
  </datafield>
  <datafield tag="942" ind1=" " ind2=" ">
    <subfield code="2">lcc</subfield>
    <subfield code="c">B</subfield>
  </datafield>
  <datafield tag="999" ind1=" " ind2=" ">
    <subfield code="c">2167</subfield>
    <subfield code="d">2167</subfield>
  </datafield>
  <datafield tag="952" ind1=" " ind2=" ">
    <subfield code="0">0</subfield>
    <subfield code="1">0</subfield>
    <subfield code="4">0</subfield>
    <subfield code="7">0</subfield>
    <subfield code="a">BRCA</subfield>
    <subfield code="b">BRCA</subfield>
    <subfield code="d">2008-11-13</subfield>
    <subfield code="i">QM54</subfield>
    <subfield code="l">0</subfield>
    <subfield code="o">066 .I23 1780 (QM54)</subfield>
    <subfield code="p">2423</subfield>
    <subfield code="r">2019-03-22 00:00:00</subfield>
    <subfield code="w">2019-03-22</subfield>
    <subfield code="y">B</subfield>
  </datafield>
</record>
